000 00759nam a2200217 i 4500
001 51592
003 ES-MaACL
005 20230906162407.0
007 t|
008 030814s1987 sp ||||1| spa d
020 _a84-7615-176-4
100 1 _aChiang, Alpha C.
_938454
245 1 0 _aMétodos fundamentales de economía matemática /
_cAlpha C. Chiang ; traducción, Francisco Muñoz Murgui, Ramón Sala Garrido ; revisión técnica, José Miguel Ponce Núñez.
250 _a3ª ed.
260 _aMadrid :
_bMcGraw-Hill,
_c[1987]
300 _aXVI, 805 p. ;
_c23 cm.
700 1 _aMuñoz Murgui, Francisco.
_984467
700 1 _aSala Garrido, Ramón.
_9101664
700 1 _aPonce Núñez, José Miguel.
_992956
852 _aES-MaACL
_jL-13232
_bR.116156
999 _c51592
_d51592